| 000 | 00717nam a22002057a 4500 | ||
|---|---|---|---|
| 005 | 20120119113250.0 | ||
| 020 |
_a8124316066 _c45.00 |
||
| 020 | _a9788124316061 | ||
| 082 | _aS | ||
| 100 |
_aJoshi, Yogesh _940671 |
||
| 245 |
_aSinghasan battisi 4 / _cby Yogesh Joshi; illustrated by Siddhartha Mukherjee |
||
| 260 |
_aMumbai _bNavneet Publications, _c200? |
||
| 270 |
_aBhavani Shankar Road, Dadar _bMumbai _e400028 |
||
| 300 |
_a40p _bill (col) _c24 cm (Pbk) |
||
| 490 |
_aClassic literature for children _v4 _940672 |
||
| 500 | _aset of 5 books | ||
| 700 |
_aMukherjee, Siddhartha _939552 |
||
| 942 |
_2ddc _cCH _hS _mJOS |
||
| 999 |
_c61179 _d61179 |
||